Subjetividad y Cultura No. 3 · octubre 1994 /

Subjetividad y Cultura, revista mexicana de psicología, cuyo título busca expresar la relación sujeto-sociedad como centro de la praxis profesional del campo y eje de los problemas disciplinarios específicos. El número 3 (octubre de 1994) está formado por las siguientes secciones y colaboraciones: I...

ver descrição completa

Na minha lista:
Detalhes bibliográficos
Outros Autores: Campuzano, Mario (dirección) (dirección), Guinsberg, Enrique (dirección) (dirección), Matrajt, Miguel (dirección) (dirección)
Formato: Livro
Idioma:espanhol
Publicado em: México : Plaza y Janés, 1994
Colecção:(Subjetividad y Cultura ; 3)
Assuntos:
Tags: Adicionar Tag
Sem tags, seja o primeiro a adicionar uma tag!

MARC

LEADER 00000nam^a2200000^a^4500
001 000630260
005 20260410000000.0
009 20260410195519.074
020 |a 968-856-385-4 
037 |a Acervo ITESO - Biblioteca 
041 |a ESP 
082 |a 150. 5  |b SUB V. 3 
240 1 0 |a [Subjetividad y Cultura] 
245 0 0 |a Subjetividad y Cultura No. 3 · octubre 1994 /  |c Dir. de M. Campuzano, E. Guinsberg. M. Matrajt. 
264 1 |a México :  |b Plaza y Janés,  |c 1994 
300 |a 105 p. 
336 |a texto  |b txt  |2 rdacontenido 
337 |a sin mediación  |b n  |2 rdamedio 
338 |a volumen  |b nc  |2 rdasoporte 
440 1 |a (Subjetividad y Cultura ;  |v 3) 
520 |a Subjetividad y Cultura, revista mexicana de psicología, cuyo título busca expresar la relación sujeto-sociedad como centro de la praxis profesional del campo y eje de los problemas disciplinarios específicos. El número 3 (octubre de 1994) está formado por las siguientes secciones y colaboraciones: I) Este número. II) Textos: 1) El psicoanálisis y el malestar en la cultura neoliberal, por Enrique Guinsberg, codirector de la publicación; 2) Una praxis psicoanalítica en la Nicaragua sandinista, por Leticia Cufré; 3) Lo social, dilema clásico en los grupos, por Mario Campuzano Montoya, codirector de la revista, y 4) El borrador del XII (Panorama de la neurosis de transferencia), tercera y última parte, por Sigmund Freud, con presentación de José Luis González Fernández. III) Documentos: 5) Intervenciones sobre "Procesos históricos y subjetividad" en el Encuentro de La Habana, por Juan Carlos Volnovich y E. Guinsberg. 
520 |a IV) Bibliográficas: 6) "La salud mental pública", de Miguel Matrajt Karsemboin, codirector de la publicación, por E. Guinsberg; 7) "Ilusión y grupalidad: acerca del claro oscuro objeto de los grupos", de Fernando M. González, por Olga M. Nieto Z.; 8) "Tiempo histórico y campo grupal: masas, grupos e instituciones", de Ana María Fernández y Juan Carlos de Brasi (compiladores), por Mario Campuzano Montoya; 8) Libro polémico: "Temas de salud mental en la comunidad", de Itzhak Levav, por Manuel Desviat y Miguel Matrajt, y 9) Guía bibliográfica sobre psicoterapia breve dinámica. IV) Noticias y comentarios: 13) El psicoanálisis en tiempos del neoliberalismo; 13) ¿Hospitales psiquiátricos sin derechos humanos?, por E. Guinsberg; 14) Homenaje a Marie Lenger, por León Grinberg; 15) ¿Quiere visitar Argentina?... Los próximos congresos internacionales sobre psicoterapia de grupo; 16) Red "Subjetividad y Cultura"; 17) XIV Congreso de Psiquiatría Social en Hamburgo, por M. Campuzano Montoya; 18) Simposio Subjetividad y Procesos Sociales; 19) Chiapas I: un taller sobre neurosis traumática y duelo en Chiapas, por M. Campuzano Montoya; 20) Chiapas II: Las Margaritas: notas sobre una intervención, por Elvia Taracena, Mario Díaz, Juan Salinas, Patricia Basurto y Sofía Saad; 21) Recordando brechtianamente a Marie Langer, por E. Guinsberg, y 22) Correspondencia, enviada por Fernando M. González Gutiérrez, Juan Diego Castillo Ramírez y Ricardo Alarcón Ochoa. 
567 |a Catalogación rápida 
649 |a XX 
650 |a Subjetividad (Psicología) -  |x Aspectos Sociales y Culturales -  |x Publicaciones Periódicas 
650 |a Psicología -  |x Publicaciones Periódicas -  |x Tema Principal 
650 |a Publicaciones Periódicas Mexicanas 
650 |a Publicaciones Periódicas 
700 |a Campuzano, Mario  |e (dirección) 
700 |a Guinsberg, Enrique  |e (dirección) 
700 |a Matrajt, Miguel  |e (dirección) 
910 |a Fondo Castillo-Martínez 
920 |a Impresos - Libros 
930 |a Fondos Especiales 
905 |a 127 
901 |a 630260-10  |b IT2  |c ESP  |i D124457  |u 20260410 
902 |a https://opac.biblio.iteso.mx/vufind/Record/000630260